000 00886nam a2200253Ia 4500
003 OSt
005 20221005105454.0
006 a|||||r|||| 00| 0
007 ta
008 221004b |||||||| |||| 00| 0 hin d
020 _a9788190809580 (hbk)
_c300
024 _a102411
037 _b362, 03/03/2010, Swaraj Prakashan
_cTextual
040 _aCRL
_cCRL
_bhin
041 _2hin
_ahin
082 _a4,(Y:45), 152Q0
100 _aहर्षदेव
245 0 _aक्राइम, कानून और रिपोर्टर
246 _aKrāima, kānūn aur riporṭara
260 _aनई दिल्ली
_bभारतीय पुस्तक परिषद् भारत
_c2010
300 _a222पृ0
_ccm.
942 _h4,(Y:45), 152Q0
_cTEXL
_2cc
999 _c1015933
_d1015933